00899nam a22002057a 4500003000900000008004100009020001800050040007100068082002100139100001800160245008600178260007400264300002800338440002700366505018200393650003100575650002700606650002600633700003400659AR-CdUCM190410b ||||| |||| 00| 0 spa d a9972-691-54-3 aMUNICIPALIDAD PROVINCIAL DEL CUSCOcBIBLIOTECA MUNICIPAL DEL CUSCO a320.985 /bAU931 aAuroi, Claude a¿A dónde va el Perú? :bbalance del fujimorismo y preguntas para el futuro / aCusco :bInstitut Universitaire d'Études du Développement,c2002. a160 páginas ;c20 cm. aTemas de actualidadn6 aContenido: Introducción: reflexiones sobre el fujimorismo -- Perú 2001: ¿hacia la restauración de la político? -- Fujimorismo, organizaciones sociales y clientelismo... aFujimori Fujimori, Alberto aPolítica económica aPolítica y gobierno aBossio, Sandra (compiladores)